KOHA-Header-6

Diversity In Organizations : Concepts and Practices (Record no. 13937)

000 -LEADER
fixed length control field 00318nam a22001217a 4500
020 ## - INTERNATIONAL STANDARD BOOK NUMBER
ISBN 9781137569271
082 ## - DEWEY DECIMAL CLASSIFICATION NUMBER
Classification number 354
100 ## - MAIN ENTRY--AUTHOR NAME
Personal name Heike Mensi-Klarbach and Annette Risberg
245 ## - TITLE STATEMENT
Title Diversity In Organizations : Concepts and Practices
260 ## - PUBLICATION, DISTRIBUTION, ETC. (IMPRINT)
Place of publication USA
Name of publisher Red Globe Press
Year of publication 2019
300 ## - PHYSICAL DESCRIPTION
Number of Pages 342 pages
942 ## - ADDED ENTRY ELEMENTS (KOHA)
Koha item type Books
Holdings
Withdrawn status Lost status Collection code Permanent Location Current Location Shelving location Date acquired Full call number Accession Number Koha item type
    Business MAJU MAJU Shelf No.A-1 2024-05-30 354 11025 Books

Powered by Koha